000 00726nam a2200277Ia 4500
005 20260324111754.0
008 008 260324s9999 xx 000 0 eng d
020 _a9781003511298
037 _aEBOOK
040 _aCRL
040 _beng
040 _cCRL
041 _2eng
041 _aeng
084 _qCRL
100 _aTulsi Pawan Fowdur; Dragorad A. Milovanovic; Zoran S. Bojkovic
_91139958
245 0 _aIntelligent and Sustainable Engineering Systems for Industry 4.0 and Beyond
260 _bTaylor and Francis
260 _c2025
365 _a
365 _b195
856 _uhttp://www.taylorfrancis.com/books/9781003511298
942 _cEBOOK
999 _c1728877
_d1728877